00947cam a2200277 a 4500001000500000005001700005020001500022020002700037040002300064050002300087082001500110100001900125245007800144250003600222260003700258300003700295505000700332520017300339521001700512521001700529650002100546650002100567650002000588650002800608700003300636219720231110111547.0 a0060269855 a0060269863 (lib. bdg.) aDLCcDLCdDLCbeng00aPZ7.C8615bPl 199600a813.542201 aCreech, Sharon10aPleasing the ghost /cby Sharon Creech ; [illustrated by Stacey Schuett]. aRevised paperback edition, 2013 aNew York :bHarperCollins,c1996 a89 pages :billustrationsc19 cm aH  aNine-year-old Dennis, whose uncle and father died within a year of one another, is visited by the ghost of his uncle, and together they settle some unfinished business. a520 bLexile aH bRaz-Plus 1aGhostsxFiction. 1aUnclesxFiction. 1aAuntsxFiction. 1aCommunicationxFiction.1 aSchuett, Staceyeillustrator